000 01948nam0a22002771 4500
001 v19\rc\1240165
005 20260407005319.0
035 _a(NLR Aleph) 004398328
090 _a3844552
_c3844552
100 _a20060306d1885 |||y0rusy50 ca
101 0 _arus
102 _aRU
105 _aa z |||||
200 1 _aТруды Комиссии при Русском техническом обществе для рассмотрения вопросов об очищении городов (1881-1885)
_eСтенограф. отчеты заседаний Комис. при участии г. г. членов О-ва охранения нар. здравия и представителей Николаев. инж. акад.
210 _aСанкт-Петербург
_cтип. бр. Пантелеевых
_d1885
215 _a167 с., 2 л. табл.
_d23
311 _aПрил. к "Трудам III-го строит. отд. И.Р. техн. о-ва"
316 _aЭкз. РНБ (1/136): приплетено к Запискам Рус. техн. о-ва. 1885, Вып. 11-12
_5NLR: 1/136
422 0 _12001#$aТруды III-го строительного отделения Императорского Русского технического общества
_tТруды III-го строительного отделения Императорского Русского технического общества
482 0 _12001#$aЗаписки Русского технического общества$v1885, вып. 11-12
_tЗаписки Русского технического общества
710 0 2 _aРусское техническое общество
_bКомиссия для расмотрения вопросов об очищении городов
_3RU\NLR\AUTH\889996274
_9489635
801 0 _aRU
_bNLR
_gpsbo
801 1 _aRU
_bProSoft-M
_2rusmarc
852 _aNLR
_j1/136
942 _cBOOK
980 _aNB